000 00631nam a2200229Ia 4500
003 OSt
005 20221007080046.0
006 a|||||r|||| 00| 0
007 ta
008 221006b |||||||| |||| 00| 0 eng d
024 _a20,567
037 _cTextual
040 _aFLL
_cFLL
_beng
041 _2eng
_aeng
082 _aZ1:215oy1:4, L5
100 _aAnand R.P. Au.
245 0 _aLegal regime of the sea-bed and the devloping countries
260 _aNew Delhi
_bSterling Pub. India
_c1975
300 _a287p
_ccm.
942 _hZ1:215oy1:4, L5
_cTEXL
_2CC
999 _c1158248
_d1158248